Survivor: Performance Gaps Quiz Stats

 Plays Quiz not verified by Sporcle

Score 0/37 Timer 10:00
0 Plays Today
Performance Gap Castaway % Correct
17Tina Wesson
94%
12Rob Mariano
92.6%
12Rob Cesternino
92.3%
18Tony Vlachos
90.7%
15JT Thomas
89.8%
14Sandra Diaz Twine
89.6%
17Sugar Kiper
85.6%
15Ciera Eastin
85.2%
15Russell Hantz
84.3%
16Rupert Boneham
83.2%
14Cirie Fields
82.8%
13Richard Hatch
82.6%
15Tom Westman
82.5%
15Jenna Morasca
82.1%
13Malcolm Freberg
80.4%
10Ethan Zohn
80.2%
14Tyson Apostol
78.9%
10Vytas Baskauskas
78.3%
17Stephenie LaGrossa
77.9%
Performance Gap Castaway % Correct
10Colby Donaldson
77.3%
14Rudy Boesch
76.5%
17Jonny Fairplay
75.6%
10Ozzy Lusth
75.5%
13Brad Culpepper
74.3%
10Kelley Wentworth
72.6%
10Coach Wade
72.1%
10Randy Bailey
71.6%
12Monica Culpepper
71.5%
11Shirin Oskooi
66.7%
10Sarah Lacina
66.2%
14Yau-Man Chan
65.7%
12Woo Hwang
65%
13Aubry Bracco
64.7%
10Aras Baskauskas
64.7%
10Kass McQuillen
61.6%
13Peih-Gee Law
60.3%
12Terry Deitz
53.1%

You're not logged in!

Compare scores with friends on all Sporcle quizzes.
OR
Log In

Show Comments

Extras

Top Quizzes Today


Score Distribution

Your Account Isn't Verified!

In order to create a playlist on Sporcle, you need to verify the email address you used during registration. Go to your Sporcle Settings to finish the process.

Report this User

Report this user for behavior that violates our Community Guidelines.

Details: